Проектирование колесных машин с использованием моделирования (Запись № 361063)

Подробности
000 -МАРКЕР
контрольное поле 01750nam1a2200313 i 4500
001 - ИДЕНТИФИКАТОР ЗАПИСИ
контрольное поле RU\NLR\bibl\67524
005 - ИДЕНТИФИКАТОР ВЕРСИИ
контрольное поле 20240919215112.0
035 ## - ДРУГИЕ СИСТЕМНЫЕ НОМЕРА
Идентификатор записи (NLR Aleph) 000065877
100 ## - ДАННЫЕ ОБЩЕЙ ОБРАБОТКИ
Данные общей обработки 20000128g19 9999u y0rusy50 ca
101 0# - ЯЗЫК РЕСУРСА
Язык текста, звукозаписи и т.д. русский
102 ## - СТРАНА ПУБЛИКАЦИИ ИЛИ ПРОИЗВОДСТВА
Страна публикации Российская Федерация
105 ## - ПОЛЕ КОДИРОВАННЫХ ДАННЫХ: ТЕКСТОВЫЕ МАТЕРИАЛЫ, МОНОГРАФИЧЕСКИЕ
Кодированные данные о монографическом текстовом документе y |||||||||
200 1# - ЗАГЛАВИЕ И СВЕДЕНИЯ ОБ ОТВЕТСТВЕННОСТИ
Основное заглавие Проектирование колесных машин с использованием моделирования
Сведения, относящиеся к заглавию Учеб. пособие по курсам "Моделирование систем колесных машин", "Конструкция спецмашин и устройств", "Прикл. теория системы "водитель-машина-среда"
Первые сведения об ответственности Б.А. Афанасьев, Б.Н. Белоусов
Последующие сведения об ответственности Моск. гос. техн. ун-т им. Н.Э. Баумана
210 ## - ПУБЛИКАЦИЯ, РАСПРОСТРАНЕНИЕ И ДР.
Место издания, распространения и т.д. М.
Имя издателя, распространителя и т. д. Изд-во МГТУ
Дата издания, распространения и т.д. 1999
215 ## - ФИЗИЧЕСКАЯ ХАРАКТЕРИСТИКА
Размеры 20
463 #0 - УРОВЕНЬ ФИЗИЧЕСКОЙ ЕДИНИЦЫ
Встроенное поле 00156339
606 0# - НАИМЕНОВАНИЕ ТЕМЫ КАК ПРЕДМЕТ
Наименование темы Колесные машины
Формальный подзаголовок Руководства, пособия и т.п. для высшей школы
Тематический подзаголовок Проектирование
Системный номер авторитетной/нормативной записи 2149293
Идентификатор авторитетной/нормативной записи RU\NLR\auth\661294517
606 0# - НАИМЕНОВАНИЕ ТЕМЫ КАК ПРЕДМЕТ
Наименование темы Колесные машины
Формальный подзаголовок Учебные издания для высшей школы
Тематический подзаголовок Проектирование
Системный номер авторитетной/нормативной записи 2149293
Идентификатор авторитетной/нормативной записи RU\NLR\auth\661294517
686 ## - ИНДЕКСЫ ДРУГИХ КЛАССИФИКАЦИЙ
Индекс О12-02я73-1
700 #1 - ИМЯ ЛИЦА - ПЕРВИЧНАЯ ОТВЕТСТВЕННОСТЬ
Код отношения Автор
Графика поля Кириллица
Материалы, к которым относится поле rus
Начальный элемент ввода Афанасьев
Часть имени, кроме начального элемента ввода Б. А.
Дополнения к именам, кроме дат инженер, колесные машины
Расширение инициалов личного имени Борис Алексеевич
Системный номер авторитетной/нормативной записи 269056
Идентификатор авторитетной/нормативной записи RU\NLR\AUTH\770269112
701 #1 - ИМЯ ЛИЦА - АЛЬТЕРНАТИВНАЯ ОТВЕТСТВЕННОСТЬ
Начальный элемент ввода Белоусов
Часть имени, кроме начального элемента ввода Б. Н.
Расширение инициалов личного имени Борис Николаевич
Код отношения Автор
801 #0 - ИСТОЧНИК ЗАПИСИ
Страна Российская Федерация
Организация NLR
Дата составления 20000128
Правила каталогизации PSBO
801 #1 - ИСТОЧНИК ЗАПИСИ
Страна Российская Федерация
Организация NLR
Дата составления 20000128
830 ## - ОБЩЕЕ ПРИМЕЧАНИЕ, СОСТАВЛЕННОЕ КАТАЛОГИЗАТОРОМ
Текст примечания Авт. по кн.
852 ## - МЕСТОНАХОЖДЕНИЕ И ШИФР ХРАНЕНИЯ
Идентификатор организации NLR
Шифр хранения (Call Number) 99-3/17213
942 ## - ДОПОЛНИТЕЛЬНЫЕ ЭЛЕМЕНТЫ ЗАПИСИ (АБИС)
Тип экземпляра АБИС Книга

Нет доступных экземпляров.